| 000 | 00442nam a2200181Ia 4500 | ||
|---|---|---|---|
| 003 | OSt | ||
| 005 | 20260428151037.0 | ||
| 008 | 250729s2009 xx 000 0 und d | ||
| 040 | _cAL | ||
| 041 | _akan | ||
| 082 | _a900.7 SHIA | ||
| 100 |
_aDr.S.n.Shivarudra Swamy _9230951 |
||
| 245 | _aAdhunikha uropina ithihasa | ||
| 260 |
_aThipaturu _bPourasy Prakashana _c2009 |
||
| 300 | _a502p | ||
| 650 |
_aHistory _9230952 |
||
| 942 |
_2ddc _cBED |
||
| 999 |
_c239038 _d239038 |
||